00353nam a2200145Ia 4500008004100000041000800041082000800049100003800057245005000095250000800145260001800153300000800171542001500179650001300194220531s9999 xx 000 0 und d aeng bWAK aWakale, L. P. And Kapadnis, B. V. aIncome Tax : Practice And Procedure 2011-2012 a1ST bGayatric2004 a181 d29-10-2004 aTaxation